000 00297nam a22001217a 4500
003 OSt
008 250214b |||||||| |||| 00| 0 eng d
041 _aeng
100 _aChakravarty, Uday K
_97153
245 _aSoftware and Systems:
_bIntroduction
700 _aGhosh Dashidar, D
_97152
942 _cBK
999 _c19384
_d19384